000
00269nam a22001097a 4500
008
161228b xxu||||| |||| 00| 0 eng d
020
_a
9780136072003
041
_a
eng
080
_a
80.9
245
_a
English for Careers
_c
Smith, R.Leila; Moore, Roberta
942
_2
udc
_c
BK
999
_c
2513
_d
2513